00878nam a2200253Ia 4500003000400000005001700004008004100021020001800062040001800080041000800098082001800106100003100124245009000155250001200245260004300257300002500300650004000325650003900365650003000404700002900434942002700463999001900490952011500509OSt20260202103505.0210716s2010 xx 000 0 und d a9788131511138 cAIMIT LIBRARY aeng a339 21bBAUW aBaumol, William J.9253476 aMacroeconomics : btheory and applications /cBy William J Baumol and Alan S Blinder. a1st ed. aNew Delhi :bCengage Learning ,c2010. a387p. ;bPBc24.6 cm aAggregate supply and demand9253477 aFiscal and monetary policy9253478 aThe world economy9253479 aBlinder, Alan S.9253480 2ddccBKe1stk339 BAUW c183214d183214 001040708MCAaAIMITbAIMITd2021-07-16eDonatedl0o339 BAUWpMCA02722r2025-07-21 00:00:00w2021-07-16yBK